000 01121nam a22002417a 4500
999 _c59409
_d59409
003 Ge_BSU
005 20230213122153.0
008 230213s2004 ge ||||| |||| 00| 0 geo d
020 _a9994022687
041 _ageo
080 _a343.54 : 343.615
100 _aგაბრიჩიძე, ნიკოლოზ
_916890
245 _aსაოჯახო კონფლიქტის შედეგად ჩადენილი ძალადობითი დანაშაულობა /
_cნიკოლოზ (ნუგზარ) გაბრიჩიძე ; [რედ.: ზაურ წულაია].
264 _aთბილისი :
_bინტელექტი,
_c2004.
300 _a312გვ. ;
_b20სმ.
504 _aბიბლიოგრ.: გვ. 207-214.
520 _aრეზ. რუს. და ინგლ. ენ.
653 _aსაოჯახო კონფლიქტი
653 _aსამართალი
653 _aძალადობა
700 _aწულაია, ზაურ
_eრედაქტორი
_912304
942 _2udc
_cBK